O balão de bolinhas (Record no. 156912)

MARC details
000 -LÍDER
campo de controle de tamanho fixo 00365 a2200145 4500
001 - NÚMERO DE CONTROLE
campo de controle 156912
020 ## - ISBN - INTERNATIONAL STANDARD BOOK NUMBER
ISBN - International Standard Book Number 8586740373
040 ## - FONTE DA CATALOGAÇÃO
Instituição que transcreveu o registro Escola São Tomás de Aquino
100 ## - ENTRADA PRINCIPAL--NOME PESSOAL
Nome pessoal VENEZA, Maurício
240 10 - TÍTULO UNIFORME
Título uniforme O balão de bolinhas
Idioma da obra por
245 10 - TÍTULO
Título O balão de bolinhas
362 0# - DATAS DE PUBLICAÇÃO E/OU DESIGNAÇÃO SEQUENCIAL
Datas de publicação e/ou designação sequencial 1999
697 ## - ENTRADA DE ASSUNTO LOCAL--ENTIDADE COLETIVA (RLIN)
Nome corporativo ou nome da jurisdição Desenho gráfico, ilustrações, arte comercial
942 ## - ELEMENTOS DE ENTRADA ADICIONADOS (KOHA)
Tipo de material Koha Livros
Holdings
Situação do descarte Situação das perdas Situação física Não pode ser emprestado Biblioteca de origem Biblioteca atual Data de aquisição Total de empréstimos Número de chamada completo Código de barras Data de último acesso Data do preço efetivo Tipo de material Koha
        ESTA - SÃO BENTO ESTA - SÃO BENTO 30/04/2024   741.6 VEN BAL EST00011436 30/04/2024 30/04/2024 Livros